[Event "Wood Green Invitational"]
[Site "Stafford"]
[Date "2021.08.22"]
[Round "7.4"]
[White "Haria, Ravi"]
[Black "Greet, Andrew N"]
[Result "1-0"]
[WhiteElo "2440"]
[BlackElo "2417"]
[PlyCount "101"]
[EventDate "2021.08.19"]
[EventType "tourn"]
[EventRounds "9"]
[EventCountry "ENG"]
[EventCategory "7"]

1. e4 {[%emt 0:00:02]} e6 {[%emt 0:01:13]} 2. d4 {[%emt 0:00:29]} d5 {[%emt 0:
00:10]} 3. e5 {[%emt 0:00:09]} c5 {[%emt 0:00:24]} 4. c3 {[%emt 0:00:05]} Nc6 {
[%emt 0:00:45]} 5. Nf3 {[%emt 0:00:12]} Nge7 {[%emt 0:02:23]} 6. Na3 {[%emt 0:
08:47]} cxd4 {[%emt 0:01:29]} 7. cxd4 {[%emt 0:00:54]} Nf5 {[%emt 0:01:54]} 8.
Nc2 {[%emt 0:00:10]} Bd7 {[%emt 0:04:07]} 9. Bd3 {[%emt 0:05:56]} Qb6 {[%emt 0:
01:18]} 10. Bxf5 {[%emt 0:00:25]} exf5 {[%emt 0:00:06]} 11. O-O {[%emt 0:00:47]
} h6 {[%emt 0:00:53]} 12. h4 {[%emt 0:05:34]} Be6 {[%emt 0:10:07]} 13. Rb1 {
[%emt 0:06:30]} a5 {[%emt 0:01:43]} 14. Bf4 {[%emt 0:02:12]} Be7 {[%emt 0:04:
57]} 15. Qd2 {[%emt 0:06:23]} Kd7 {[%emt 0:01:54]} 16. Rfc1 {[%emt 0:10:32]}
Rhc8 {[%emt 0:06:05]} 17. h5 {[%emt 0:04:19]} Rc7 {[%emt 0:06:06]} 18. Nfe1 {
[%emt 0:04:59]} Bb4 {[%emt 0:22:52]} 19. Qe3 {[%emt 0:07:02]} Bxe1 {[%emt 0:02:
29]} 20. Nxe1 {[%emt 0:02:33]} Rac8 {[%emt 0:06:35]} 21. Rd1 {[%emt 0:03:51]}
Ke8 {[%emt 0:04:00]} 22. Qg3 {[%emt 0:11:30]} Kf8 {[%emt 0:00:14]} 23. Be3 {
[%emt 0:02:42]} Ne7 {[%emt 0:06:23]} 24. Qh4 {[%emt 0:03:45]} Qb5 {[%emt 0:00:
45]} 25. Nd3 {[%emt 0:03:57]} Rc2 {[%emt 0:01:06]} 26. Nc5 {[%emt 0:01:37]} b6
{[%emt 0:00:55]} 27. Nd3 {[%emt 0:05:05]} Qc4 {[%emt 0:02:33]} 28. b3 {[%emt 0:
01:50]} Qa6 {[%emt 0:00:40]} 29. a4 {[%emt 0:01:00]} R8c3 {[%emt 0:00:51]} 30.
Nf4 {[%emt 0:01:02]} Ra2 {[%emt 0:00:54]} 31. Rdc1 {[%emt 0:00:59]} Qc8 {
[%emt 0:01:33]} 32. Re1 {[%emt 0:00:28]} Ra3 {[%emt 0:02:19]} 33. b4 {[%emt 0:
00:14]} Rxa4 {[%emt 0:01:44]} 34. bxa5 bxa5 {[%emt 0:00:26]} 35. Rb5 {[%emt 0:
01:13]} Rca3 {[%emt 0:00:45]} 36. Nxe6+ {[%emt 0:00:14]} fxe6 {[%emt 0:00:34]}
37. Bxh6 {[%emt 0:00:07]} gxh6 {[%emt 0:04:00]} 38. Qf6+ {[%emt 0:00:04]} Ke8 {
[%emt 0:00:53]} 39. Rb8 {[%emt 0:00:13]} Qxb8 {[%emt 0:00:05]} 40. Qh8+ {
[%emt 0:00:03]} Kf7 {[%emt 0:00:07]} 41. Qxb8 {[%emt 0:00:19]} Ra1 {[%emt 0:00:
28]} 42. Rxa1 {[%emt 0:01:07]} Rxa1+ {[%emt 0:00:04]} 43. Kh2 {[%emt 0:00:03]}
a4 {[%emt 0:00:58]} 44. Qh8 {[%emt 0:00:57]} Rd1 {[%emt 0:01:37]} 45. Qf6+ {
[%emt 0:00:46]} Ke8 {[%emt 0:00:04]} 46. Qxe6 {[%emt 0:00:42]} Rxd4 {[%emt 0:
00:22]} 47. Qxh6 {[%emt 0:00:42]} Rh4+ {[%emt 0:00:25]} 48. Kg1 {[%emt 0:00:38]
} a3 {[%emt 0:00:36]} 49. e6 {[%emt 0:00:56]} Rg4 {[%emt 0:00:19]} 50. Qf6 {
[%emt 0:00:21]} Rg8 {[%emt 0:00:27]} 51. h6 {[%emt 0:00:49]} 1-0

[Event "Wood Green Invitational"]
[Site "Stafford"]
[Date "2021.08.22"]
[Round "7.5"]
[White "Derakhshani, Borna"]
[Black "Turner, Matthew J"]
[Result "1/2-1/2"]
[WhiteElo "2373"]
[BlackElo "2509"]
[PlyCount "22"]
[EventDate "2021.08.19"]
[EventType "tourn"]
[EventRounds "9"]
[EventCountry "ENG"]
[EventCategory "7"]

1. d4 {[%emt 0:04:55]} d5 {[%emt 0:00:44]} 2. Bf4 {[%emt 0:00:08]} e6 {[%emt 0:
01:07]} 3. e3 {[%emt 0:00:07]} Bd6 {[%emt 0:00:26]} 4. Bg3 {[%emt 0:00:06]} Nf6
{[%emt 0:00:25]} 5. Nd2 {[%emt 0:00:13]} O-O {[%emt 0:00:53]} 6. Bd3 {[%emt 0:
00:10]} c5 {[%emt 0:00:49]} 7. c3 {[%emt 0:00:06]} Qc7 {[%emt 0:01:17]} 8. Ngf3
{[%emt 0:01:57]} Nbd7 {[%emt 0:00:24]} 9. O-O {[%emt 0:00:16]} Bxg3 {[%emt 0:
02:04]} 10. hxg3 {[%emt 0:00:08]} e5 {[%emt 0:00:15]} 11. dxe5 {[%emt 0:00:11]}
Nxe5 {[%emt 0:00:29]} 1/2-1/2

[Event "Wood Green Invitational"]
[Site "Stafford"]
[Date "2021.08.23"]
[Round "8.1"]
[White "Fodor, Tamas Jr"]
[Black "Turner, Matthew J"]
[Result "1/2-1/2"]
[WhiteElo "2520"]
[BlackElo "2509"]
[PlyCount "26"]
[EventDate "2021.08.19"]
[EventType "tourn"]
[EventRounds "9"]
[EventCountry "ENG"]
[EventCategory "7"]

1. e4 {[%emt 0:00:03]} e5 {[%emt 0:00:17]} 2. Nf3 {[%emt 0:00:06]} Nc6 {
[%emt 0:00:15]} 3. d4 {[%emt 0:00:12]} exd4 {[%emt 0:01:11]} 4. Nxd4 {[%emt 0:
00:06]} Bc5 {[%emt 0:00:31]} 5. Nb3 {[%emt 0:00:22]} Bb6 {[%emt 0:00:19]} 6.
Nc3 {[%emt 0:00:07]} Nge7 {[%emt 0:00:32]} 7. Bg5 {[%emt 0:07:36]} h6 {[%emt 0:
02:49]} 8. Bh4 {[%emt 0:00:20]} d6 {[%emt 0:01:31]} 9. a4 {[%emt 0:07:08]} a6 {
[%emt 0:05:12]} 10. Nd5 {[%emt 0:01:33]} Ba7 {[%emt 0:00:18]} 11. Bc4 {[%emt 0:
07:32]} g5 {[%emt 0:10:07]} 12. Bg3 {[%emt 0:00:37]} Nxd5 {[%emt 0:00:28]} 13.
Bxd5 {[%emt 0:02:01]} Qf6 {[%emt 0:01:02]} 1/2-1/2

[Event "Wood Green Invitational"]
[Site "Stafford"]
[Date "2021.08.23"]
[Round "8.2"]
[White "Greet, Andrew N"]
[Black "Derakhshani, Borna"]
[Result "1/2-1/2"]
[WhiteElo "2417"]
[BlackElo "2373"]
[PlyCount "84"]
[EventDate "2021.08.19"]
[EventType "tourn"]
[EventRounds "9"]
[EventCountry "ENG"]
[EventCategory "7"]

1. e4 {[%emt 0:02:12]} c6 {[%emt 0:00:11]} 2. d4 {[%emt 0:00:13]} d5 {[%emt 0:
00:05]} 3. e5 {[%emt 0:00:09]} Bf5 {[%emt 0:00:05]} 4. h4 {[%emt 0:00:11]} h5 {
[%emt 0:00:06]} 5. Bd3 {[%emt 0:00:05]} Bxd3 {[%emt 0:00:06]} 6. Qxd3 {[%emt 0:
00:03]} Qa5+ {[%emt 0:00:07]} 7. Nd2 {[%emt 0:00:06]} e6 {[%emt 0:00:06]} 8.
Ngf3 {[%emt 0:00:06]} Qa6 {[%emt 0:00:26]} 9. c4 {[%emt 0:00:15]} Nh6 {[%emt 0:
00:33]} 10. b3 {[%emt 0:00:36]} Nf5 {[%emt 0:00:14]} 11. O-O {[%emt 0:01:12]}
Be7 {[%emt 0:00:50]} 12. a4 {[%emt 0:00:12]} Nd7 {[%emt 0:25:04]} 13. Ba3 {
[%emt 0:02:49]} c5 {[%emt 0:10:18]} 14. dxc5 {[%emt 0:28:15]} Nxc5 {[%emt 0:01:
06]} 15. Qb1 {[%emt 0:00:16]} dxc4 {[%emt 0:09:32]} 16. Nxc4 {[%emt 0:04:18]}
Rd8 {[%emt 0:15:06]} 17. Rc1 {[%emt 0:03:18]} b6 {[%emt 0:02:58]} 18. b4 {
[%emt 0:18:28]} Nd3 {[%emt 0:03:27]} 19. b5 {[%emt 0:00:10]} Qb7 {[%emt 0:00:
12]} 20. Bxe7 {[%emt 0:00:26]} Qxe7 {[%emt 0:03:29]} 21. Nd6+ {[%emt 0:00:36]}
Nxd6 {[%emt 0:00:12]} 22. Qxd3 {[%emt 0:00:18]} Nf5 {[%emt 0:00:35]} 23. Qa3 {
[%emt 0:01:50]} Qb7 {[%emt 0:07:43]} 24. Rc4 {[%emt 0:05:06]} Ne7 {[%emt 0:05:
19]} 25. Rac1 {[%emt 0:11:09]} Rd7 {[%emt 0:00:48]} 26. Nd4 {[%emt 0:01:41]}
O-O {[%emt 0:01:09]} 27. Nc6 {[%emt 0:00:12]} Nf5 {[%emt 0:02:38]} 28. Qf3 {
[%emt 0:02:49]} g6 {[%emt 0:00:07]} 29. g4 {[%emt 0:00:38]} hxg4 {[%emt 0:00:
14]} 30. Rxg4 {[%emt 0:00:17]} Kg7 {[%emt 0:03:33]} 31. h5 {[%emt 0:01:30]} Rh8
{[%emt 0:00:07]} 32. hxg6 {[%emt 0:03:33]} fxg6 {[%emt 0:00:01]} 33. Qf4 {
[%emt 0:01:11]} Rh5 {[%emt 0:02:22]} 34. Kg2 {[%emt 0:03:04]} Rd4 {[%emt 0:01:
32]} 35. Qxd4 {[%emt 0:03:20]} Nxd4 {[%emt 0:00:02]} 36. Rxd4 {[%emt 0:00:03]}
Rxe5 {[%emt 0:00:47]} 37. Rcd1 {[%emt 0:00:14]} Rd5 {[%emt 0:00:40]} 38. Rxd5 {
[%emt 0:00:13]} exd5 {[%emt 0:00:02]} 39. Rxd5 {[%emt 0:00:05]} a6 {[%emt 0:01:
09]} 40. Re5 {[%emt 0:02:46]} Qc8 {[%emt 0:01:40]} 41. f3 {[%emt 0:00:45]} Kf6
{[%emt 0:00:35]} 42. Re4 {[%emt 0:00:28]} axb5 {[%emt 0:00:39]} 1/2-1/2

[Event "Wood Green Invitational"]
[Site "Stafford"]
[Date "2021.08.23"]
[Round "8.3"]
[White "Hebden, Mark L"]
[Black "Haria, Ravi"]
[Result "1/2-1/2"]
[WhiteElo "2453"]
[BlackElo "2440"]
[PlyCount "24"]
[EventDate "2021.08.19"]
[EventType "tourn"]
[EventRounds "9"]
[EventCountry "ENG"]
[EventCategory "7"]

1. d4 {[%emt 0:00:01]} e6 {[%emt 0:00:51]} 2. c4 {[%emt 0:00:20]} d5 {[%emt 0:
00:07]} 3. cxd5 {[%emt 0:00:20]} exd5 {[%emt 0:00:10]} 4. Nc3 {[%emt 0:00:06]}
c6 {[%emt 0:00:30]} 5. Bf4 {[%emt 0:00:24]} Bd6 {[%emt 0:00:12]} 6. Bxd6 {
[%emt 0:00:17]} Qxd6 {[%emt 0:00:06]} 7. e3 {[%emt 0:00:05]} Nf6 {[%emt 0:00:
31]} 8. Bd3 {[%emt 0:00:15]} O-O {[%emt 0:00:31]} 9. Nge2 {[%emt 0:00:19]} Re8
{[%emt 0:00:33]} 10. Qc2 {[%emt 0:01:46]} Nbd7 {[%emt 0:01:37]} 11. h3 {
[%emt 0:02:16]} Nf8 {[%emt 0:00:40]} 12. O-O-O {[%emt 0:00:56]} Bd7 {[%emt 0:
01:40]} 1/2-1/2

[Event "Wood Green Invitational"]
[Site "Stafford"]
[Date "2021.08.23"]
[Round "8.4"]
[White "Harvey, Marcus R"]
[Black "Fitzsimons, David"]
[Result "1-0"]
[WhiteElo "2440"]
[BlackElo "2324"]
[PlyCount "73"]
[EventDate "2021.08.19"]
[EventType "tourn"]
[EventRounds "9"]
[EventCountry "ENG"]
[EventCategory "7"]

1. c4 {[%emt 0:00:13]} e5 {[%emt 0:00:22]} 2. Nc3 {[%emt 0:00:10]} Nf6 {
[%emt 0:00:07]} 3. g3 {[%emt 0:00:04]} c6 {[%emt 0:00:59]} 4. Nf3 {[%emt 0:00:
27]} e4 {[%emt 0:00:29]} 5. Nd4 {[%emt 0:00:04]} Qb6 {[%emt 0:02:40]} 6. Nb3 {
[%emt 0:01:31]} a5 {[%emt 0:02:24]} 7. e3 {[%emt 0:05:38]} d5 {[%emt 0:04:14]}
8. cxd5 {[%emt 0:01:31]} cxd5 {[%emt 0:00:23]} 9. Bg2 {[%emt 0:01:20]} Nc6 {
[%emt 0:02:09]} 10. d3 {[%emt 0:12:25]} Bb4 {[%emt 0:08:29]} 11. O-O {[%emt 0:
01:10]} Bg4 {[%emt 0:11:05]} 12. Nxd5 {[%emt 0:00:33]} Bxd1 {[%emt 0:01:04]}
13. Nxb6 {[%emt 0:00:04]} Bxb3 {[%emt 0:01:55]} 14. Nxa8 {[%emt 0:00:19]} Bc2 {
[%emt 0:00:13]} 15. a3 {[%emt 0:00:24]} Bc5 {[%emt 0:01:34]} 16. d4 {[%emt 0:
00:04]} Bd6 {[%emt 0:00:39]} 17. Nb6 {[%emt 0:00:26]} Bb3 {[%emt 0:05:00]} 18.
Bd2 {[%emt 0:00:46]} Bc7 {[%emt 0:02:12]} 19. d5 {[%emt 0:00:39]} Bxb6 {
[%emt 0:04:36]} 20. dxc6 {[%emt 0:00:12]} bxc6 {[%emt 0:00:02]} 21. Bc3 {
[%emt 0:00:13]} Bd5 {[%emt 0:00:13]} 22. b4 {[%emt 0:02:30]} a4 {[%emt 0:00:38]
} 23. Rfd1 {[%emt 0:01:06]} Ke7 {[%emt 0:00:48]} 24. Bd4 {[%emt 0:00:22]} Bc7 {
[%emt 0:00:21]} 25. Bc5+ {[%emt 0:00:06]} Ke6 {[%emt 0:00:59]} 26. Bh3+ {
[%emt 0:00:11]} Ke5 {[%emt 0:00:05]} 27. Bd4+ {[%emt 0:00:27]} Kd6 {[%emt 0:00:
06]} 28. Rac1 {[%emt 0:00:22]} Rb8 {[%emt 0:00:49]} 29. Rd2 {[%emt 0:01:12]}
Ne8 {[%emt 0:01:07]} 30. Bf1 {[%emt 0:00:43]} g6 {[%emt 0:00:46]} 31. Bc4 {
[%emt 0:02:34]} Ra8 {[%emt 0:04:25]} 32. Bxd5 {[%emt 0:01:00]} cxd5 {[%emt 0:
00:06]} 33. Rdc2 {[%emt 0:00:21]} f5 {[%emt 0:01:05]} 34. Rc6+ {[%emt 0:00:54]}
Kd7 {[%emt 0:00:05]} 35. R6c5 {[%emt 0:00:03]} Kd6 {[%emt 0:01:28]} 36. Bb2 {
[%emt 0:00:34]} Bd8 {[%emt 0:00:19]} 37. Rc8 {[%emt 0:00:10]} 1-0

[Event "Wood Green Invitational"]
[Site "Stafford"]
[Date "2021.08.23"]
[Round "8.5"]
[White "Blackburn, Jonathan LB"]
[Black "Willow, Jonah B"]
[Result "1-0"]
[WhiteElo "2235"]
[BlackElo "2396"]
[PlyCount "95"]
[EventDate "2021.08.19"]
[EventType "tourn"]
[EventRounds "9"]
[EventCountry "ENG"]
[EventCategory "7"]

1. d4 {[%emt 0:00:03]} d5 {[%emt 0:00:08]} 2. c4 {[%emt 0:00:28]} Nc6 {[%emt 0:
00:30]} 3. cxd5 {[%emt 0:01:05]} Qxd5 {[%emt 0:00:14]} 4. e3 {[%emt 0:00:04]}
e5 {[%emt 0:00:08]} 5. Nc3 {[%emt 0:00:04]} Bb4 {[%emt 0:00:06]} 6. Bd2 {
[%emt 0:00:05]} Bxc3 {[%emt 0:00:07]} 7. bxc3 {[%emt 0:01:04]} Nf6 {[%emt 0:00:
04]} 8. c4 {[%emt 0:01:54]} Qd6 {[%emt 0:00:09]} 9. d5 {[%emt 0:02:32]} Ne7 {
[%emt 0:00:04]} 10. Qb1 {[%emt 0:14:29]} O-O {[%emt 0:00:35]} 11. Bd3 {[%emt 0:
02:54]} Rd8 {[%emt 0:16:57]} 12. e4 {[%emt 0:23:10]} Nd7 {[%emt 0:01:15]} 13.
Ne2 {[%emt 0:01:55]} Nc5 {[%emt 0:03:15]} 14. O-O {[%emt 0:01:08]} Ng6 {
[%emt 0:03:06]} 15. Bc2 {[%emt 0:06:45]} b6 {[%emt 0:11:31]} 16. Qb2 {[%emt 0:
00:52]} Ba6 {[%emt 0:01:47]} 17. Qc3 {[%emt 0:00:28]} c6 {[%emt 0:03:47]} 18.
Ng3 {[%emt 0:02:58]} Rac8 {[%emt 0:02:08]} 19. Nf5 {[%emt 0:01:41]} Qf6 {
[%emt 0:01:21]} 20. Qg3 {[%emt 0:04:02]} h6 {[%emt 0:04:36]} 21. h4 {[%emt 0:
01:14]} Bxc4 {[%emt 0:00:41]} 22. Bg5 {[%emt 0:01:12]} Nf4 {[%emt 0:07:24]} 23.
Rfe1 {[%emt 0:01:17]} hxg5 {[%emt 0:01:57]} 24. hxg5 {[%emt 0:00:04]} Qg6 {
[%emt 0:08:03]} 25. Ne7+ {[%emt 0:00:10]} Kf8 {[%emt 0:00:19]} 26. Nxg6+ {
[%emt 0:00:08]} Nxg6 {[%emt 0:00:34]} 27. Bb3 {[%emt 0:06:08]} cxd5 {[%emt 0:
01:13]} 28. exd5 {[%emt 0:00:20]} Bxd5 {[%emt 0:03:17]} 29. Bxd5 {[%emt 0:00:
12]} Rxd5 {[%emt 0:00:02]} 30. Rad1 {[%emt 0:00:22]} Rcd8 {[%emt 0:03:40]} 31.
Rxd5 {[%emt 0:00:06]} Rxd5 {[%emt 0:00:01]} 32. Qg4 {[%emt 0:01:52]} Ne6 {
[%emt 0:01:08]} 33. Rd1 {[%emt 0:02:22]} Nd4 {[%emt 0:01:11]} 34. g3 {[%emt 0:
03:24]} Ne7 {[%emt 0:03:15]} 35. Kg2 {[%emt 0:00:32]} Kg8 {[%emt 0:09:59]} 36.
Rh1 {[%emt 0:01:04]} Rd8 {[%emt 0:00:56]} 37. Qe4 {[%emt 0:00:53]} Ng6 {
[%emt 0:00:42]} 38. Qb7 {[%emt 0:00:42]} Ne6 {[%emt 0:02:14]} 39. Qxa7 {
[%emt 0:03:45]} Rd2 {[%emt 0:01:59]} 40. a4 {[%emt 0:00:34]} Ra2 {[%emt 0:02:
04]} 41. Qa8+ {[%emt 0:00:13]} Ngf8 {[%emt 0:04:45]} 42. Qe8 e4 {[%emt 0:01:25]
} 43. g6 {[%emt 0:01:31]} fxg6 {[%emt 0:00:06]} 44. Re1 {[%emt 0:00:30]} Nc5 {
[%emt 0:00:22]} 45. Rb1 {[%emt 0:04:30]} Rxa4 {[%emt 0:03:34]} 46. Rxb6 {
[%emt 0:00:26]} Ra2 {[%emt 0:02:23]} 47. Rb8 {[%emt 0:00:27]} Nce6 {[%emt 0:00:
25]} 48. Qxe6+ {[%emt 0:00:08]} 1-0

[Event "Wood Green Invitational"]
[Site "Stafford"]
[Date "2021.08.23"]
[Round "9.1"]
[White "Willow, Jonah B"]
[Black "Fodor, Tamas Jr"]
[Result "0-1"]
[WhiteElo "2396"]
[BlackElo "2520"]
[PlyCount "86"]
[EventDate "2021.08.19"]
[EventType "tourn"]
[EventRounds "9"]
[EventCountry "ENG"]
[EventCategory "7"]

1. e4 {[%emt 0:00:12]} e5 {[%emt 0:00:08]} 2. Nf3 {[%emt 0:00:24]} Nc6 {
[%emt 0:00:07]} 3. Nc3 {[%emt 0:00:12]} Nf6 {[%emt 0:00:07]} 4. Bb5 {[%emt 0:
00:03]} Bd6 {[%emt 0:00:07]} 5. d3 {[%emt 0:00:05]} h6 {[%emt 0:00:13]} 6. a3 {
[%emt 0:00:28]} O-O {[%emt 0:00:07]} 7. Ne2 {[%emt 0:02:50]} Re8 {[%emt 0:03:
54]} 8. g4 {[%emt 0:05:43]} Nxg4 {[%emt 0:05:22]} 9. Ng3 {[%emt 0:01:23]} Bc5 {
[%emt 0:05:14]} 10. Rf1 {[%emt 0:00:20]} d6 {[%emt 0:08:36]} 11. h3 {[%emt 0:
04:06]} Nf6 {[%emt 0:00:24]} 12. Rg1 {[%emt 0:05:39]} Kf8 {[%emt 0:08:56]} 13.
Nh2 {[%emt 0:41:16]} Bxh3 {[%emt 0:10:46]} 14. Nh5 {[%emt 0:05:03]} Nxh5 {
[%emt 0:03:15]} 15. Qxh5 {[%emt 0:00:46]} Qf6 {[%emt 0:00:15]} 16. Be3 {
[%emt 0:03:13]} Be6 {[%emt 0:01:30]} 17. Bxc5 {[%emt 0:08:15]} dxc5 {[%emt 0:
00:12]} 18. Bxc6 {[%emt 0:00:04]} bxc6 {[%emt 0:00:07]} 19. Nf3 {[%emt 0:00:57]
} g5 {[%emt 0:01:09]} 20. Rh1 {[%emt 0:01:22]} Ke7 {[%emt 0:00:24]} 21. Ke2 {
[%emt 0:03:44]} Rh8 {[%emt 0:00:07]} 22. Rag1 {[%emt 0:00:47]} Qf4 {[%emt 0:00:
39]} 23. b3 {[%emt 0:00:47]} Rag8 {[%emt 0:00:45]} 24. Rg3 {[%emt 0:02:48]} Rg6
{[%emt 0:07:10]} 25. Qh2 {[%emt 0:01:28]} Rf6 {[%emt 0:00:56]} 26. Qg2 {
[%emt 0:01:35]} g4 {[%emt 0:06:24]} 27. Nh4 {[%emt 0:01:09]} h5 {[%emt 0:00:11]
} 28. Qg1 {[%emt 0:00:23]} Qg5 {[%emt 0:03:00]} 29. Qe1 {[%emt 0:00:29]} Rf4 {
[%emt 0:02:34]} 30. Qa5 {[%emt 0:01:03]} Kd6 {[%emt 0:00:19]} 31. b4 {[%emt 0:
01:47]} cxb4 {[%emt 0:00:30]} 32. axb4 {[%emt 0:00:11]} Rb8 {[%emt 0:01:21]}
33. c3 {[%emt 0:01:27]} Kd7 {[%emt 0:01:18]} 34. Qc5 {[%emt 0:03:19]} a6 {
[%emt 0:01:28]} 35. Qe3 {[%emt 0:02:04]} a5 {[%emt 0:01:23]} 36. Qa7 {[%emt 0:
02:30]} Rb5 {[%emt 0:00:06]} 37. Qa8 {[%emt 0:00:36]} axb4 {[%emt 0:00:36]} 38.
c4 {[%emt 0:00:17]} Rb6 {[%emt 0:00:09]} 39. Qa1 {[%emt 0:00:46]} b3 {[%emt 0:
00:52]} 40. Qb2 {[%emt 0:00:20]} c5 {[%emt 0:00:10]} 41. Ng2 {[%emt 0:00:11]}
Rf3 {[%emt 0:00:08]} 42. Ne3 {[%emt 0:00:03]} Qf4 {[%emt 0:00:39]} 43. Rg2 {
[%emt 0:00:33]} g3 {[%emt 0:00:17]} 0-1

[Event "Wood Green Invitational"]
[Site "Stafford"]
[Date "2021.08.23"]
[Round "9.2"]
[White "Fitzsimons, David"]
[Black "Blackburn, Jonathan LB"]
[Result "1-0"]
[WhiteElo "2324"]
[BlackElo "2235"]
[PlyCount "57"]
[EventDate "2021.08.19"]
[EventType "tourn"]
[EventRounds "9"]
[EventCountry "ENG"]
[EventCategory "7"]

1. e4 {[%emt 0:01:04]} e6 {[%emt 0:00:05]} 2. d4 {[%emt 0:00:06]} d5 {[%emt 0:
00:03]} 3. Nc3 {[%emt 0:00:09]} Bb4 {[%emt 0:00:08]} 4. Nge2 {[%emt 0:00:07]}
Nc6 {[%emt 0:00:28]} 5. a3 {[%emt 0:00:08]} Ba5 {[%emt 0:00:19]} 6. b4 {
[%emt 0:00:07]} Bb6 {[%emt 0:00:04]} 7. Bb2 {[%emt 0:00:08]} Nge7 {[%emt 0:05:
01]} 8. Qd2 {[%emt 0:00:28]} Ng6 {[%emt 0:12:32]} 9. Na4 {[%emt 0:05:11]} Qh4 {
[%emt 0:05:00]} 10. Ng3 {[%emt 0:08:22]} O-O {[%emt 0:06:21]} 11. c4 {[%emt 0:
12:09]} dxc4 {[%emt 0:01:40]} 12. Nxb6 {[%emt 0:00:20]} axb6 {[%emt 0:00:50]}
13. Bxc4 {[%emt 0:00:12]} e5 {[%emt 0:11:16]} 14. d5 {[%emt 0:01:12]} Rd8 {
[%emt 0:01:25]} 15. O-O {[%emt 0:02:35]} Rd6 {[%emt 0:05:49]} 16. Rfd1 {
[%emt 0:15:09]} Nf4 {[%emt 0:02:36]} 17. Bf1 {[%emt 0:11:21]} Bg4 {[%emt 0:21:
38]} 18. f3 {[%emt 0:03:29]} Rh6 {[%emt 0:00:39]} 19. dxc6 {[%emt 0:00:58]}
Qxh2+ {[%emt 0:00:19]} 20. Kf2 {[%emt 0:00:05]} Nh3+ {[%emt 0:08:20]} 21. Ke2 {
[%emt 0:00:44]} Bxf3+ {[%emt 0:00:39]} 22. Kxf3 {[%emt 0:00:52]} Ng1+ {[%emt 0:
00:44]} 23. Kf2 {[%emt 0:00:12]} Nh3+ {[%emt 0:01:37]} 24. Ke2 {[%emt 0:00:57]}
Rd6 {[%emt 0:03:47]} 25. Qe3 {[%emt 0:03:16]} Rxc6 {[%emt 0:01:41]} 26. Bxe5 {
[%emt 0:02:11]} f6 {[%emt 0:03:12]} 27. Ke1 {[%emt 0:00:26]} fxe5 {[%emt 0:01:
17]} 28. gxh3 {[%emt 0:00:09]} Rc2 {[%emt 0:00:41]} 29. Ne2 {[%emt 0:05:58]}
1-0

[Event "Wood Green Invitational"]
[Site "Stafford"]
[Date "2021.08.23"]
[Round "9.3"]
[White "Haria, Ravi"]
[Black "Harvey, Marcus R"]
[Result "1/2-1/2"]
[WhiteElo "2440"]
[BlackElo "2440"]
[PlyCount "37"]
[EventDate "2021.08.19"]
[EventType "tourn"]
[EventRounds "9"]
[EventCountry "ENG"]
[EventCategory "7"]

1. e4 {[%emt 0:00:02]} c6 {[%emt 0:00:04]} 2. d4 {[%emt 0:00:06]} d5 {[%emt 0:
00:06]} 3. e5 {[%emt 0:00:04]} c5 {[%emt 0:00:13]} 4. Nf3 {[%emt 0:00:06]} cxd4
{[%emt 0:00:51]} 5. Nxd4 {[%emt 0:00:30]} Nc6 {[%emt 0:00:57]} 6. c4 {[%emt 0:
00:05]} e6 {[%emt 0:00:36]} 7. Nc3 {[%emt 0:00:04]} Bb4 {[%emt 0:00:18]} 8.
cxd5 {[%emt 0:00:26]} Qxd5 {[%emt 0:00:56]} 9. Nxc6 {[%emt 0:00:07]} bxc6 {
[%emt 0:01:33]} 10. Qe2 {[%emt 0:00:04]} Qc5 {[%emt 0:01:35]} 11. Bd2 {[%emt 0:
00:22]} Ne7 {[%emt 0:00:35]} 12. Qe4 {[%emt 0:00:15]} Qb6 {[%emt 0:01:16]} 13.
Bd3 {[%emt 0:00:09]} Ba6 {[%emt 0:00:26]} 14. Bxa6 {[%emt 0:00:19]} Bxc3 {
[%emt 0:00:11]} 15. Bxc3 {[%emt 0:00:02]} Qxa6 {[%emt 0:00:11]} 16. Bb4 {
[%emt 0:00:30]} Rb8 {[%emt 0:00:51]} 17. Rc1 {[%emt 0:00:05]} c5 {[%emt 0:00:
44]} 18. Rxc5 {[%emt 0:00:04]} O-O {[%emt 0:00:27]} 19. Rc4 {[%emt 0:00:03]}
1/2-1/2

[Event "Wood Green Invitational"]
[Site "Stafford"]
[Date "2021.08.23"]
[Round "9.4"]
[White "Derakhshani, Borna"]
[Black "Hebden, Mark L"]
[Result "1/2-1/2"]
[WhiteElo "2373"]
[BlackElo "2453"]
[PlyCount "20"]
[EventDate "2021.08.19"]
[EventType "tourn"]
[EventRounds "9"]
[EventCountry "ENG"]
[EventCategory "7"]

1. d4 {[%emt 0:00:02]} Nf6 {[%emt 0:00:06]} 2. Bf4 {[%emt 0:00:04]} g6 {
[%emt 0:00:09]} 3. e3 {[%emt 0:00:05]} Bg7 {[%emt 0:00:04]} 4. Nf3 {[%emt 0:00:
06]} O-O {[%emt 0:00:06]} 5. h3 {[%emt 0:00:04]} c5 {[%emt 0:00:14]} 6. c3 {
[%emt 0:00:06]} d6 {[%emt 0:00:14]} 7. Bh2 {[%emt 0:00:07]} b6 {[%emt 0:00:30]}
8. Nbd2 {[%emt 0:00:06]} Bb7 {[%emt 0:00:06]} 9. Be2 {[%emt 0:00:03]} Nbd7 {
[%emt 0:00:19]} 10. O-O {[%emt 0:00:06]} a6 {[%emt 0:00:07]} 1/2-1/2